[Event "Budapest FS04 IM"]
[Site "Budapest"]
[Date "2024.04.13"]
[Round "7"]
[White "Kovalev, Andrei"]
[Black "Palczert, Matyas"]
[Result "1-0"]
[WhiteElo "2413"]
[BlackElo "2333"]
[PlyCount "85"]
[EventDate "2024.04.06"]
[EventType "tourn"]
[EventRounds "9"]
[EventCountry "HUN"]
[EventCategory "2"]
[SourceTitle "CB16_2024"]
[SourceDate "2024.04.17"]
[SourceVersion "1"]
[SourceVersionDate "2024.04.17"]
[SourceQuality "1"]

1. e4 c5 2. Nc3 e6 3. Nf3 Nc6 4. d4 cxd4 5. Nxd4 Qc7 6. g3 a6 7. Bg2 Nf6 8. 0-0 Nxd4 9. Qxd4 Bc5 10. Bf4 d6 11. Qd2 h6 12. Rad1 e5 13. Be3 Bxe3 14. fxe3 Be6 15. Qxd6 Rc8 16. Rf2 Qxd6 17. Rxd6 Rxc3 18. bxc3 Nd7 19. h4 Ke7 20. Rfd2 Rc8 21. Kh2 Rxc3 22. Bh3 Bxh3 23. Kxh3 Rc7 24. Kg4 h5+ 25. Kf3 Nf6 26. Rb6 g6 27. a4 Ng4 28. a5 Kf8 29. Rb2 f5 30. Rd8+ Ke7 31. Rb8 Rc3 32. R8xb7+ Kd8 33. R7b3 Rc4 34. Rb8+ Kc7 35. R2b7+ Kd6 36. Rd8+ Ke6 37. Re8+ Kd6 38. Rd8+ Ke6 39. exf5+ gxf5 40. Rb6+ Ke7 41. Rh8 Nf6 42. Rb7+ Ke6 43. Rh6 1-0

[Event "Budapest FS02 IM"]
[Site "Budapest"]
[Date "2024.02.13"]
[Round "9"]
[White "Xu, Yang1"]
[Black "Palczert, Matyas"]
[Result "1/2-1/2"]
[WhiteElo "2149"]
[BlackElo "2299"]
[PlyCount "75"]
[EventDate "2024.02.03"]
[EventType "schev"]
[EventRounds "9"]
[EventCountry "HUN"]
[SourceTitle "CB08_2024"]
[SourceDate "2024.02.21"]
[SourceVersion "1"]
[SourceVersionDate "2024.02.21"]
[SourceQuality "1"]

1. Nf3 d5 2. g3 Nf6 3. Bg2 e6 4. d3 Be7 5. 0-0 0-0 6. Nbd2 Nc6 7. e4 dxe4 8. dxe4 e5 9. h3 Bc5 10. Qe2 Qe7 11. c3 a5 12. Nb3 Bd6 13. Nh4 h6 14. Nd2 Rd8 15. Nc4 Bc5 16. Ne3 Be6 17. Nhf5 Qf8 18. Ng4 Nxg4 19. hxg4 f6 20. Qb5 Bb6 21. Be3 Na7 22. Qe2 Bxe3 23. Qxe3 Kh7 24. f4 Bxf5 25. exf5 Re8 26. Qf2 c6 27. Rad1 Nb5 28. Rd7 exf4 29. gxf4 Re7 30. Rxe7 Qxe7 31. Re1 Qd6 32. Qe3 Nc7 33. g5 fxg5 34. fxg5 hxg5 35. Qxg5 Qc5+ 36. Kh2 Qd6+ 37. Kg1 Qc5+ 38. Kh2 1/2-1/2

[Event "Budapest Vezerkepzo GM New Year"]
[Site "Budapest"]
[Date "2024.01.08"]
[Round "4"]
[White "Palczert, Matyas"]
[Black "Jobava, Baadur"]
[Result "1/2-1/2"]
[WhiteElo "2282"]
[BlackElo "2591"]
[PlyCount "43"]
[EventDate "2024.01.05"]
[EventType "tourn"]
[EventRounds "9"]
[EventCountry "HUN"]
[EventCategory "6"]
[SourceTitle "CB03_2024"]
[SourceDate "2024.01.17"]
[SourceVersion "1"]
[SourceVersionDate "2024.01.17"]
[SourceQuality "1"]

1. e4 e5 2. Nf3 Nf6 3. d4 Nxe4 4. Bd3 d5 5. Nxe5 Be7 6. Nc3 Nf6 7. 0-0 0-0 8. Re1 c6 9. Qf3 Nbd7 10. Bf4 Re8 11. Nxd7 Bxd7 12. h3 Be6 13. Ne2 Nd7 14. c3 Nf8 15. Bd2 Bd6 16. Ng3 Ng6 17. Nf5 Nh4 18. Nxh4 Qxh4 19. Bf5 Qf6 20. Bg4 Qxf3 21. Bxf3 Bf5 22. h4 1/2-1/2

[Event "Wch U16"]
[Site "Montesilvano"]
[Date "2023.11.16"]
[Round "4"]
[White "Leitgeb, Julian"]
[Black "Palczert, Matyas"]
[Result "1-0"]
[WhiteElo "2174"]
[BlackElo "2349"]
[PlyCount "67"]
[EventDate "2023.11.13"]
[EventType "swiss"]
[EventRounds "11"]
[EventCountry "ITA"]
[SourceTitle "CB48_2023"]
[SourceDate "2023.11.29"]
[SourceVersion "1"]
[SourceVersionDate "2023.11.29"]
[SourceQuality "1"]

1. e4 c5 2. Nf3 d6 3. d4 cxd4 4. Nxd4 Nf6 5. Nc3 a6 6. Bg5 Nbd7 7. Qe2 b5 8. 0-0-0 Bb7 9. f4 h6 10. Bxf6 gxf6 11. Qh5 Rc8 12. Nd5 Nc5 13. Be2 e6 14. Bg4 exd5 15. Bxc8 Qxc8 16. exd5 Qd7 17. Rhe1+ Kd8 18. g4 Kc7 19. Nf5 Bc8 20. Re3 Kb6 21. Rde1 Bb7 22. Ne7 Bxe7 23. Rxe7 Qc8 24. Kb1 f5 25. Qxf7 fxg4 26. Qf6 Bxd5 27. Qd4 Kc6 28. Rd1 Qg8 29. b3 h5 30. f5 Ne4 31. Rg7 Qe8 32. Qxd5+ Kb6 33. Rb7+ Ka5 34. b4+ 1-0

[Event "Budapest Vezerkepzo Autumn GM"]
[Site "Budapest"]
[Date "2023.10.24"]
[Round "6"]
[White "Rorrer, Grayson"]
[Black "Palczert, Matyas"]
[Result "1/2-1/2"]
[WhiteElo "2288"]
[BlackElo "2338"]
[PlyCount "92"]
[EventDate "2023.10.19"]
[EventType "tourn"]
[EventRounds "9"]
[EventCountry "HUN"]
[EventCategory "6"]
[SourceTitle "Mega2024 Update 01"]
[Source "Chessbase"]
[SourceDate "2023.11.12"]
[SourceVersion "1"]
[SourceVersionDate "2023.11.12"]
[SourceQuality "1"]

1. d4 Nf6 2. c4 e6 3. g3 d5 4. Bg2 dxc4 5. Nf3 Bb4+ 6. Bd2 a5 7. a3 Bxd2+ 8. Nbxd2 b5 9. b3 cxb3 10. Qxb3 c6 11. 0-0 0-0 12. Rfc1 Ba6 13. Qb2 Nfd7 14. Ne1 Qb6 15. Nd3 Ra7 16. Nb3 Rc8 17. Qc3 Bb7 18. Rc2 Ba8 19. Rac1 h6 20. h4 Qd8 21. e3 Nb6 22. Ne5 Nd5 23. Qd2 b4 24. axb4 Nxb4 25. Rc5 f6 26. Nc4 a4 27. Qxb4 axb3 28. Qxb3 Kh8 29. Nb2 Nd7 30. R5c2 e5 31. Bxc6 exd4 32. exd4 Rb8 33. Qd3 Rxb2 34. Rxb2 Bxc6 35. Rxc6 Ne5 36. Qe4 Nxc6 37. Qxc6 Qxd4 38. Rb8+ Kh7 39. Qc2+ g6 40. h5 f5 41. hxg6+ Kxg6 42. Rg8+ Rg7 43. Rf8 Qe5 44. Qc6+ Kh7 45. Qc8 Rxg3+ 46. fxg3 Qe1+ 1/2-1/2

[Event "Budapest Vezerkepzo Autumn GM"]
[Site "Budapest"]
[Date "2023.10.20"]
[Round "2"]
[White "Palczert, Matyas"]
[Black "Kushko, Dmitriy"]
[Result "1-0"]
[WhiteElo "2338"]
[BlackElo "2426"]
[PlyCount "81"]
[EventDate "2023.10.19"]
[EventType "tourn"]
[EventRounds "9"]
[EventCountry "HUN"]
[EventCategory "6"]
[SourceTitle "Mega2024 Update 01"]
[Source "Chessbase"]
[SourceDate "2023.11.12"]
[SourceVersion "1"]
[SourceVersionDate "2023.11.12"]
[SourceQuality "1"]

1. e4 c6 2. d4 d5 3. e5 Bf5 4. Nd2 e6 5. Nb3 Nd7 6. Nf3 Qc7 7. Be2 c5 8. c3 c4 9. Nbd2 h6 10. 0-0 Ne7 11. Ne1 Bh7 12. Nc2 b5 13. a4 Bxc2 14. Qxc2 b4 15. b3 cxb3 16. Nxb3 bxc3 17. Bb5 a6 18. Bxd7+ Qxd7 19. Ba3 Ng6 20. Bxf8 Nxf8 21. Qxc3 Ng6 22. Nc5 Qc6 23. f4 Ne7 24. g4 0-0 25. Rae1 Nc8 26. f5 Nb6 27. Qe3 Nxa4 28. f6 Nxc5 29. fxg7 Kxg7 30. Rf6 Rh8 31. dxc5 Rac8 32. Ref1 Rc7 33. h4 Rh7 34. Kh2 a5 35. g5 Kg8 36. gxh6 Kh8 37. Qg5 Qe8 38. Rxe6 fxe6 39. Qf6+ Rcg7 40. hxg7+ Rxg7 41. Rg1 1-0

[Event "Budapest Vezerkepzo Autumn GM"]
[Site "Budapest"]
[Date "2023.10.19"]
[Round "1"]
[White "Csiki, Endre"]
[Black "Palczert, Matyas"]
[Result "0-1"]
[WhiteElo "2387"]
[BlackElo "2338"]
[PlyCount "68"]
[EventDate "2023.10.19"]
[EventType "tourn"]
[EventRounds "9"]
[EventCountry "HUN"]
[EventCategory "6"]
[SourceTitle "Mega2024 Update 01"]
[Source "Chessbase"]
[SourceDate "2023.11.12"]
[SourceVersion "1"]
[SourceVersionDate "2023.11.12"]
[SourceQuality "1"]

1. e4 c5 2. Nf3 d6 3. Bb5+ Nd7 4. 0-0 a6 5. Bd3 b5 6. c4 b4 7. a3 bxa3 8. Rxa3 Ngf6 9. Bc2 g6 10. d4 cxd4 11. Nxd4 Bg7 12. Nc3 Bb7 13. Qe2 0-0 14. Rd1 Rc8 15. b3 Qb6 16. Bb2 e6 17. Raa1 Rfe8 18. Na4 Qc7 19. Bd3 d5 20. cxd5 exd5 21. Bxa6 Rxe4 22. Qb5 Bxa6 23. Qxa6 Rce8 24. Rac1 Qb8 25. h3 Nh5 26. Qb5 Bxd4 27. Qxb8 Bxf2+ 28. Kxf2 Re2+ 29. Kf1 Nxb8 30. Rxd5 Ng3+ 31. Kg1 Rxb2 32. Nxb2 Ne2+ 33. Kf1 Nxc1 34. Rb5 Ne2 0-1

[Event "EU-ch U16 rapid"]
[Site "Terme Catez"]
[Date "2023.09.29"]
[Round "8"]
[White "Palczert, Matyas"]
[Black "Perea Fruet, Lorenzo"]
[Result "1-0"]
[WhiteElo "2221"]
[BlackElo "2272"]
[PlyCount "131"]
[EventDate "2023.09.28"]
[EventType "swiss (rapid)"]
[EventRounds "9"]
[EventCountry "SLO"]
[SourceTitle "EXT 2024"]
[Source "ChessBase"]
[SourceDate "2023.10.10"]
[SourceVersion "1"]
[SourceVersionDate "2023.10.10"]
[SourceQuality "1"]

1. e4 c5 2. Nf3 e6 3. g3 Nc6 4. Bg2 d5 5. exd5 exd5 6. d4 Nf6 7. Nc3 Bg4 8. h3 Bxf3 9. Qxf3 cxd4 10. Nxd5 Nxd5 11. Qxd5 Bb4+ 12. Bd2 Qe7+ 13. Qe4 Bxd2+ 14. Kxd2 0-0-0 15. Qxe7 Nxe7 16. Rae1 Rhe8 17. Re4 Ng6 18. Rhe1 Rxe4 19. Rxe4 b6 20. Kd3 Kc7 21. f4 f6 22. h4 f5 23. Rxd4 Re8 24. Kd2 Ne7 25. Rd3 Ng8 26. Re3 Rd8+ 27. Ke2 Nf6 28. Re7+ Rd7 29. Rxd7+ Kxd7 30. Bf3 Kd6 31. Kd3 Kc5 32. c3 a5 33. b3 b5 34. a3 Nd7 35. b4+ axb4 36. axb4+ Kd6 37. Kd4 Nf6 38. c4 bxc4 39. Kxc4 Nd7 40. Kd4 Nb6 41. h5 h6 42. Bb7 Nd7 43. Bf3 Nb6 44. Bg2 Nd7 45. b5 Nf6 46. Bf3 Nd7 47. Be2 Nf6 48. b6 Ne4 49. b7 Kc7 50. Bf3 Nxg3 51. Ke5 Kb8 52. Ke6 Kc7 53. Kf7 Nxh5 54. Bxh5 g5 55. Bf3 gxf4 56. Kf6 h5 57. Kxf5 h4 58. Kxf4 h3 59. Kg3 Kb8 60. Kxh3 Kc7 61. Kg4 Kb8 62. Kf5 Kc7 63. Ke6 Kb8 64. Kd7 Ka7 65. Kc7 Ka6 66. b8Q 1-0

[Event "Budapest SixDays 09 GM-B"]
[Site "Budapest"]
[Date "2023.09.19"]
[Round "2"]
[White "Varga, Zoltan"]
[Black "Palczert, Matyas"]
[Result "1-0"]
[WhiteElo "2368"]
[BlackElo "2344"]
[PlyCount "113"]
[EventDate "2023.09.18"]
[EventType "tourn"]
[EventRounds "9"]
[EventCountry "HUN"]
[EventCategory "6"]
[SourceTitle "EXT 2024"]
[Source "ChessBase"]
[SourceDate "2023.10.10"]
[SourceVersion "1"]
[SourceVersionDate "2023.10.10"]
[SourceQuality "1"]

1. e4 c5 2. Nf3 d6 3. c3 Nf6 4. Bd3 Nc6 5. 0-0 Bg4 6. h3 Bh5 7. Re1 e6 8. Bf1 Be7 9. d3 0-0 10. Nbd2 d5 11. g4 Bg6 12. Nh4 Qc7 13. Nxg6 fxg6 14. Nf3 dxe4 15. dxe4 Nd7 16. Bc4 Kh8 17. Bxe6 Nde5 18. Nh2 Rad8 19. Bd5 c4 20. f4 Nd3 21. Rf1 Nxf4 22. Bxf4 Rxf4 23. Rxf4 Qxf4 24. Qf3 Qc7 25. Qe2 Ne5 26. Rf1 Nd3 27. Kh1 Nf4 28. Qe3 Bd6 29. Nf3 Bc5 30. Qd2 Nxd5 31. exd5 Qf7 32. Kg2 Qxd5 33. Rd1 Qxd2+ 34. Rxd2 Re8 35. Ne5 Kg8 36. Nxc4 b5 37. Na5 a6 38. Nb3 Be7 39. Re2 Kf7 40. Nd4 Rc8 41. Nf3 b4 42. Ne5+ Kg8 43. Nd3 Bf8 44. cxb4 h5 45. a3 h4 46. Ne5 Re8 47. Kf1 Re6 48. Nf3 Rd6 49. Nxh4 Rd3 50. Kg2 Bd6 51. Nf3 Rb3 52. Ng5 Kf8 53. Ne4 Be7 54. Nc5 Bxc5 55. bxc5 Rb5 56. b4 a5 57. Re4 1-0

[Event "Titled Tuesday intern op 29th Aug Early"]
[Site "Chess.com INT"]
[Date "2023.08.29"]
[Round "2"]
[White "Harshavardhan, GB."]
[Black "Palczert, Matyas"]
[Result "1-0"]
[WhiteElo "2413"]
[BlackElo "2340"]
[PlyCount "105"]
[EventDate "2023.08.29"]
[EventType "swiss (blitz)"]
[EventRounds "11"]
[EventCountry "USA"]
[SourceTitle "EXT 2024"]
[Source "ChessBase"]
[SourceDate "2023.10.10"]
[SourceVersion "1"]
[SourceVersionDate "2023.10.10"]
[SourceQuality "1"]

1. e4 c5 2. Nf3 Nf6 3. e5 Nd5 4. Nc3 Nxc3 5. dxc3 Nc6 6. Bf4 Qc7 7. Qd2 e6 8. 0-0-0 h6 9. h4 a6 10. Bd3 b5 11. g4 Bb7 12. g5 hxg5 13. hxg5 Rxh1 14. Rxh1 g6 15. Rh7 Ne7 16. Qe2 Nd5 17. Bd2 c4 18. Be4 Rc8 19. Nd4 Qd8 20. Qf3 Qe7 21. Bxg6 fxg6 22. Rxe7+ Bxe7 23. Qh3 Kd8 24. Qh7 Kc7 25. Qxg6 Rh8 26. Kd1 Rh1+ 27. Ke2 b4 28. cxb4 Bxb4 29. c3 Bc5 30. Qf7 Ne7 31. Be3 Bxd4 32. Qxe7 Bxe3 33. Kxe3 Rh3+ 34. Ke2 Bf3+ 35. Kd2 Bd5 36. Qc5+ Kb7 37. f4 Rd3+ 38. Ke1 Rf3 39. g6 Rg3 40. Qe7 Kc6 41. g7 Re3+ 42. Kf2 Rf3+ 43. Ke2 Rg3 44. Qf8 Rg2+ 45. Kf1 Rxb2 46. g8Q Rb1+ 47. Kf2 Rb2+ 48. Ke3 Rc2 49. Qa8+ Kb5 50. Qgb8+ Ka5 51. Qc7+ Kb5 52. Qxd7+ Ka5 53. Qad8# 1-0

[Event "Titled Tuesday intern op 29th Aug Early"]
[Site "Chess.com INT"]
[Date "2023.08.29"]
[Round "5"]
[White "Hrescak, Ivana"]
[Black "Palczert, Matyas"]
[Result "1-0"]
[WhiteElo "2117"]
[BlackElo "2340"]
[PlyCount "53"]
[EventDate "2023.08.29"]
[EventType "swiss (blitz)"]
[EventRounds "11"]
[EventCountry "USA"]
[SourceTitle "EXT 2024"]
[Source "ChessBase"]
[SourceDate "2023.10.10"]
[SourceVersion "1"]
[SourceVersionDate "2023.10.10"]
[SourceQuality "1"]

1. e4 c5 2. Nf3 Nf6 3. e5 Nd5 4. Nc3 Nxc3 5. dxc3 Nc6 6. Bf4 Qc7 7. Qd2 e6 8. 0-0-0 a6 9. Bd3 h6 10. h4 b5 11. Rhe1 Bb7 12. Qe2 Ne7 13. c4 bxc4 14. Bxc4 Nd5 15. Bg3 Nb6 16. Nd2 Nxc4 17. Nxc4 Bd5 18. Rxd5 exd5 19. Nd6+ Kd8 20. Nxf7+ Kc8 21. Nxh8 Qa5 22. e6 Qxa2 23. e7 Kb7 24. e8Q Rxe8 25. Qxe8 Qa1+ 26. Kd2 Qxb2 27. Qb8+ 1-0

[Event "Titled Tuesday intern op 29th Aug Early"]
[Site "Chess.com INT"]
[Date "2023.08.29"]
[Round "11"]
[White "Makarian, Rudik"]
[Black "Palczert, Matyas"]
[Result "1-0"]
[WhiteElo "2546"]
[BlackElo "2340"]
[PlyCount "63"]
[EventDate "2023.08.29"]
[EventType "swiss (blitz)"]
[EventRounds "11"]
[EventCountry "USA"]
[SourceTitle "EXT 2024"]
[Source "ChessBase"]
[SourceDate "2023.10.10"]
[SourceVersion "1"]
[SourceVersionDate "2023.10.10"]
[SourceQuality "1"]

1. d4 Nf6 2. c4 c5 3. dxc5 e6 4. g3 Bxc5 5. Bg2 0-0 6. Nf3 d5 7. 0-0 Nc6 8. cxd5 Nxd5 9. a3 a5 10. e4 Nf6 11. Qc2 b6 12. e5 Nd5 13. Nc3 Nxc3 14. bxc3 h6 15. Qe4 Bb7 16. Qg4 Kh8 17. Qh5 Qd3 18. Ng5 Qxc3 19. Bf4 Bxf2+ 20. Kh1 Bd4 21. Ne4 Qxa1 22. Rxa1 Bxa1 23. Bxh6 Bxe5 24. Bd2+ Kg8 25. Ng5 Rfd8 26. Qxf7+ Kh8 27. Qh5+ Kg8 28. Qf7+ Kh8 29. Qg6 Kg8 30. Qxe6+ Kh8 31. Nf7+ Kh7 32. Be4+ 1-0

[Event "Titled Tuesday intern op 29th Aug Early"]
[Site "Chess.com INT"]
[Date "2023.08.29"]
[Round "3"]
[White "Palczert, Matyas"]
[Black "Dilmukhametov, Artur"]
[Result "0-1"]
[WhiteElo "2340"]
[BlackElo "2276"]
[PlyCount "142"]
[EventDate "2023.08.29"]
[EventType "swiss (blitz)"]
[EventRounds "11"]
[EventCountry "USA"]
[SourceTitle "EXT 2024"]
[Source "ChessBase"]
[SourceDate "2023.10.10"]
[SourceVersion "1"]
[SourceVersionDate "2023.10.10"]
[SourceQuality "1"]

1. e4 e6 2. d4 d5 3. exd5 exd5 4. Nf3 Bd6 5. c4 dxc4 6. Bxc4 Nf6 7. 0-0 0-0 8. Nc3 Nc6 9. h3 h6 10. Re1 Bf5 11. Ne5 Nb4 12. g4 Bc2 13. Qf3 Bh7 14. g5 hxg5 15. Bxg5 Nc2 16. Nd5 Nxd4 17. Qg2 Kh8 18. Nxf6 gxf6 19. Bh6 Bg6 20. Nxf7+ Rxf7 21. Bxf7 Nf3+ 22. Kh1 Nh4 23. Qg4 Kh7 24. Qxh4 Bxf7 25. Bg5+ Kg7 26. Qh6+ Kg8 27. Bxf6 Bd5+ 28. Kg1 Qf8 29. Qh8+ Kf7 30. Qxf8+ Rxf8 31. Be5 Rg8+ 32. Bg3 Bxg3 33. fxg3 Rxg3+ 34. Kf2 Rg2+ 35. Ke3 Rxb2 36. Kd4 c6 37. Rf1+ Ke7 38. Rae1+ Kd6 39. Rf6+ Kc7 40. Rg1 Rxa2 41. Rh6 Kb6 42. h4 Rh2 43. h5 a5 44. Rh8 a4 45. Rb1+ Bb3 46. h6 c5+ 47. Ke5 c4 48. h7 a3 49. Kf6 a2 50. Ra1 Kb5 51. Kg7 Rg2+ 52. Kf6 Rh2 53. Kg6 Rg2+ 54. Kf5 Rh2 55. Ke5 Kb4 56. Kd4 b5 57. Rg1 Rh4+ 58. Ke5 Kc3 59. Kf6 Kb2 60. Kg7 a1Q 61. Rxa1 Kxa1 62. Rf8 Rxh7+ 63. Kxh7 c3 64. Kg6 c2 65. Rf1+ Kb2 66. Rf2 Ka3 67. Rf1 Kb2 68. Rf2 Bc4 69. Rg2 Kb1 70. Rg1+ c1Q 71. Rxc1+ Kxc1 0-1

[Event "Titled Tuesday intern op 29th Aug Early"]
[Site "Chess.com INT"]
[Date "2023.08.29"]
[Round "1"]
[White "Vargas, Mauricio"]
[Black "Palczert, Matyas"]
[Result "0-1"]
[WhiteElo "2035"]
[BlackElo "2340"]
[PlyCount "42"]
[EventDate "2023.08.29"]
[EventType "swiss (blitz)"]
[EventRounds "11"]
[EventCountry "USA"]
[SourceTitle "EXT 2024"]
[Source "ChessBase"]
[SourceDate "2023.10.10"]
[SourceVersion "1"]
[SourceVersionDate "2023.10.10"]
[SourceQuality "1"]

1. e4 c5 2. Nc3 e6 3. f4 d5 4. Nf3 dxe4 5. Nxe4 Nf6 6. Nc3 Nc6 7. Bb5 Bd7 8. d3 a6 9. Bxc6 Bxc6 10. 0-0 Bd6 11. f5 0-0 12. fxe6 fxe6 13. Ng5 Qd7 14. Qe1 Ng4 15. h3 Rxf1+ 16. Qxf1 Rf8 17. Qe1 Bh2+ 18. Kh1 Bg3 19. Qe2 Rf2 20. Qd1 Bxg2+ 21. Kg1 Bh2# 0-1

[Event "Budapest One Week GM-B"]
[Site "Budapest"]
[Date "2023.08.24"]
[Round "5"]
[White "Palczert, Matyas"]
[Black "Vanczak, Tamas"]
[Result "0-1"]
[WhiteElo "2340"]
[BlackElo "2408"]
[PlyCount "90"]
[EventDate "2023.08.21"]
[EventType "tourn"]
[EventRounds "9"]
[EventCountry "HUN"]
[EventCategory "6"]
[SourceTitle "CBM 215 Extra"]
[Source "ChessBase"]
[SourceDate "2023.09.30"]
[SourceVersion "1"]
[SourceVersionDate "2023.09.30"]
[SourceQuality "1"]

1. e4 c6 2. d4 d5 3. Nc3 dxe4 4. Nxe4 Nf6 5. Nxf6+ exf6 6. c3 Bd6 7. Bd3 0-0 8. Ne2 Qc7 9. Qc2 h5 10. Be3 Re8 11. 0-0-0 Be6 12. Ng3 b5 13. Nxh5 b4 14. c4 b3 15. axb3 Na6 16. c5 Nb4 17. cxd6 Qa5 18. Qc5 Nxd3+ 19. Rxd3 Qa1+ 20. Kc2 Qxh1 21. Bd2 Bg4 22. f3 Bxh5 23. Qxh5 Qxg2 24. f4 Rad8 25. f5 Qe4 26. Bb4 Rb8 27. Bc3 Rb5 28. Qf3 Qxf3 29. Rxf3 Rd8 30. b4 Rxd6 31. Kd3 Rdd5 32. Ke4 Rb8 33. h4 Re8+ 34. Kf4 g6 35. fxg6 fxg6 36. Kg3 Kg7 37. Rf1 Re3+ 38. Kg2 g5 39. Kf2 Re4 40. Ra1 Rf5+ 41. Kg2 gxh4 42. Rxa7+ Kg6 43. Ra6 Re3 44. Rxc6 h3+ 45. Kg1 Re2 0-1